000 00673cam a22002174a 4500
003 OSt
005 20160523152258.0
008 050412s2005 nyua 001 0 eng
020 _a0743270878 (pbk.)
040 _aSEKU
050 0 0 _aRA 781.63
_b.C6
100 1 _aCooley, Bob
245 1 4 _aThe genius of flexibility :
_bthe smart way to stretch and strengthen your body /
_cBob Cooley.
260 _aNew York :
_bSimon and Schuster,
_c2005.
300 _aviii, 310 p. :
_bill. ;
_c24 cm.
500 _a"A Fireside book."
504 _aIncludes bibliographical references and index.
650 0 _aStretching exercises.
650 0 _aMuscle strength.
942 _2lcc
_cGEN
999 _c14416
_d14416